Environmental perception of slum dwellers / (Record no. 65980)
[ view plain ]
| 000 -LEADER | |
|---|---|
| fixed length control field | 00611nam a22001697a 4500 |
| 005 - DATE AND TIME OF LATEST TRANSACTION | |
| control field | 20120502123513.0 |
| 020 ## - INTERNATIONAL STANDARD BOOK NUMBER | |
| International Standard Book Number | 8170999537 |
| Terms of availability | 295.00 |
| 035 ## - SYSTEM CONTROL NUMBER | |
| System control number | B-190968 |
| 037 ## - SOURCE OF ACQUISITION | |
| Stock number | DPL |
| Source of stock number/acquisition | ENG |
| 100 ## - MAIN ENTRY--PERSONAL NAME | |
| Personal name | Hema, B. |
| 245 ## - TITLE STATEMENT | |
| Title | Environmental perception of slum dwellers / |
| Statement of responsibility, etc | by B. Hema and Shagufta Jamal |
| 260 ## - PUBLICATION, DISTRIBUTION, ETC. (IMPRINT) | |
| Place of publication, distribution, etc | New Delhi |
| Name of publisher, distributor, etc | Mittal Publications |
| Date of publication, distribution, etc | 2004 |
| 300 ## - PHYSICAL DESCRIPTION | |
| Extent | xii, 118p. |
| Dimensions | 20 cms. |
| 700 ## - ADDED ENTRY--PERSONAL NAME | |
| Personal name | Jamal, Shagufta |
| 9 (RLIN) | 46205 |
| 942 ## - ADDED ENTRY ELEMENTS (KOHA) | |
| Source of classification or shelving scheme | Dewey Decimal Classification |
| Item type | English Books |
| Classification part | 363.729 |
| Call number suffix | HEM |
| Withdrawn status | Lost status | Not for loan | Collection code | Home library | Current library | Date acquired | Cost, normal purchase price | Full call number | Barcode | Cost, replacement price | Koha item type |
|---|---|---|---|---|---|---|---|---|---|---|---|
| Non-fiction | Sarojini Nagar | Sarojini Nagar | 02/05/2012 | 295.00 | 363.729 HEM | B-190968 | 295.00 | English Books |
